All Brooks & Dunn Songs - Statistics

General Stats
  • This quiz has been taken 40 times
  • The average score is 26 of 148
Answer Stats
Album Song % Correct
Brand New Man Brand New Man
90%
Red Dirt Road Red Dirt Road
84%
Brand New Man Neon Moon
81%
Hard Workin' Man Hard Workin' Man
71%
Brand New Man Boot Scootin' Boogie
58%
Hillbilly Deluxe Hillbilly Deluxe
52%
If You See Her If You See Him/If You See Her
52%
Brand New Man Lost and Found
48%
Borderline My Maria
48%
Cowboy Town Cowboy Town
45%
Hillbilly Deluxe Believe
35%
Steers & Stripes Only in America
35%
Hillbilly Deluxe Play Something Country
35%
Cowboy Town Cowgirls Don't Cry
32%
Hard Workin' Man That Ain't No Way to Go
32%
Number 1s... and Then Some Indian Summer
29%
Waitin' on Sundown Little Miss Honky Tonk
29%
Brand New Man My Next Broken Heart
29%
Hard Workin' Man Rock My World (Little Country Girl)
29%
Waitin' on Sundown She's Not the Cheatin' Kind
29%
Steers & Stripes Ain't Nothing 'bout You
26%
The Greatest Hits Collection He's Got You
26%
If You See Her How Long Gone
23%
Borderline I Am That Man
23%
It Won't Be Christmas Without You It Won't Be Christmas Without You
23%
Hard Workin' Man We'll Burn That Bridge
23%
Waitin' on Sundown You're Gonna Miss Me When I'm Gone
23%
Borderline A Man This Lonely
19%
Brand New Man Cool Drink of Water
19%
Steers & Stripes My Heart Is Lost to You
19%
Cowboy Town Tequila
19%
Borderline Tequila Town
19%
Steers & Stripes The Long Goodbye
19%
It Won't Be Christmas Without You Winter Wonderland
19%
Brand New Man Cheating on the Blues
16%
The Greatest Hits Collection Days of Thunder
16%
Steers & Stripes Deny, Deny, Deny
16%
Steers & Stripes Every River
16%
The Greatest Hits Collection Honky Tonk Truth
16%
If You See Her Husbands and Wives
16%
Hard Workin' Man I Can't Put Out This Fire
16%
Waitin' on Sundown If That's the Way You Want It
16%
Waitin' on Sundown I'll Never Forgive My Heart
16%
Brand New Man I'm No Good
16%
The Greatest Hits Collection II It's Getting Better All the Time
16%
Brand New Man I've Got a Lot to Learn
16%
Borderline Mama Don't Get Dressed Up for Nothing
16%
Hard Workin' Man Mexican Minutes
16%
Borderline More Than a Margarita
16%
Hard Workin' Man Our Time Is Coming
16%
Borderline Redneck Rhythm & Blues
16%
Hard Workin' Man She Used to Be Mine
16%
Waitin' on Sundown Silver and Gold
16%
If You See Her South of Santa Fe
16%
Brand New Man Still in Love with You
16%
The Greatest Hits Collection II That's What It's All About
16%
It Won't Be Christmas Without You The Christmas Song
16%
Steers & Stripes When She's Gone, She's Gone
16%
Waitin' on Sundown A Few Good Rides Away
13%
Hillbilly Deluxe Again
13%
Tight Rope All Out of Love
13%
It Won't Be Christmas Without You Blue Christmas
13%
Hillbilly Deluxe Building Bridges
13%
Cowboy Town Cowboy, Cowboy
13%
Cowboy Town Drop in the Bucket
13%
Cowboy Town Drunk on Love
13%
Cowboy Town God Must Be Busy
13%
Steers & Stripes Go West
13%
Hard Workin' Man Heartbroke Out of My Mind
13%
Hillbilly Deluxe Her West Was Wilder
13%
Number 1s... and Then Some Honky Tonk Stomp
13%
Tight Rope Hurt Train
13%
Steers & Stripes I Fall
13%
It Won't Be Christmas Without You I'll Be Home for Christmas
13%
Red Dirt Road I Used to Know This Song by Heart
13%
Cowboy Town Johnny Cash Junkie (Buck Owens Freak)
13%
Steers & Stripes Lucky Me, Lonely You
13%
Tight Rope Missing You
13%
Waitin' on Sundown My Kind of Crazy
13%
Borderline One Heartache at a Time
13%
Cowboy Town Proud of the House We Built
13%
Cowboy Town Put a Girl in It
13%
It Won't Be Christmas Without You Santa Claus Is Coming to Town
13%
Steers & Stripes See Jane Dance
13%
Waitin' on Sundown She's the Kind of Trouble
13%
Red Dirt Road She Was Born to Run
13%
Tight Rope Temptation #9
13%
Hard Workin' Man Texas Women (Don't Stay Lonely Long)
13%
Red Dirt Road That's What She Gets for Loving Me
13%
Cowboy Town The Ballad of Jerry Jeff Walker
13%
Steers & Stripes The Last Thing I Do
13%
Steers & Stripes Unloved
13%
Red Dirt Road When We Were Kings
13%
Waitin' on Sundown Whiskey Under the Bridge
13%
It Won't Be Christmas Without You White Christmas
13%
Borderline White Line Casanova
13%
Borderline Why Would I Say Goodbye
13%
Red Dirt Road You Can't Take the Honky Tonk Out of the Girl
13%
King of the Hill (Soundtrack) Against the Wind
10%
Cowboy Town American Dreamer
10%
Tight Rope Beer Thirty
10%
Red Dirt Road Believer
10%
If You See Her Born and Raised in Black and White
10%
If You See Her Brand New Whiskey
10%
Red Dirt Road Caroline
10%
Cowboy Town Chance of a Lifetime
10%
Cowboy Town Damn Right I'm Gonna Miss You
10%
Tight Rope Don't Look Back Now
10%
Red Dirt Road Feels Good Don't It
10%
Tight Rope Goin' Under Gettin' Over You
10%
Red Dirt Road Good Cowboy
10%
Red Dirt Road Good Day to Be Me
10%
Steers & Stripes Good Girls Go to Heaven
10%
It Won't Be Christmas Without You Hangin' 'Round the Mistletoe
10%
Red Dirt Road Holy War
10%
If You See Her I Can't Get Over You
10%
Tight Rope I Love You More
10%
Hillbilly Deluxe I May Never Get Over You
10%
Hillbilly Deluxe Just Another Neon Night
10%
Red Dirt Road Memory Town
10%
Red Dirt Road My Baby's Everything I Love
10%
Hillbilly Deluxe My Heart's Not a Hotel
10%
Borderline My Love Will Follow You
10%
Hillbilly Deluxe One More Roll of the Dice
10%
It Won't Be Christmas Without You Rockin' Little Christmas
10%
Hillbilly Deluxe She Likes to Get Out of Town
10%
Hillbilly Deluxe She's About as Lonely As I'm Going to Let Her Get
10%
Tight Rope Texas and Norma Jean
10%
Tight Rope The Trouble with Angels
10%
Red Dirt Road Til My Dyin' Day
10%
Tight Rope Too Far This Time
10%
Cowboy Town Walk Away Slow
10%
If You See Her When Love Dies
10%
Hillbilly Deluxe Whiskey Do My Talkin'
10%
It Won't Be Christmas Without You Who Says There Ain't No Santa
10%
Tight Rope You'll Always Be Loved by Me
10%
If You See Her You're My Angel
10%
If You See Her Your Love Don't Take a Backseat to Nothing
10%
Tight Rope Can't Stop My Heart
6%
8 Seconds (Soundtrack) Ride 'Em High, Ride 'Em Low
6%
It Won't Be Christmas Without You Santa's Coming Over to Your House
6%
If You See Her Way Gone
6%
Hillbilly Deluxe Down By the River
3%
Hillbilly Deluxe It Ain't Me If It Ain't You
3%
Billy: The Early Years Soundtrack Over the Next Hill
3%
If You See Her Steady As She Goes
3%
Hillbilly Deluxe Sweet Mystery
3%
If You See Her What It's Come Down To
3%
No matching quizzes found
Score Distribution
Percent of People with Each Score
Percentile by Number Answered
Your Score History
You have not taken this quiz